| 000 | 02615njm a2200421Ia 4500 | ||
|---|---|---|---|
| 001 | 24083 | ||
| 003 | IT-RoPAU | ||
| 005 | 20220918181109.0 | ||
| 008 | 131025s9999 xx 000 0 und d | ||
| 040 | _aIT-RoPAU | ||
| 040 | _cIT-RoPAU | ||
| 041 | _aITALIANO | ||
| 999 |
_c98854 _d98854 |
||
| 999 | _bn.d. | ||
| 100 |
_aCelentano Adriano _91546 |
||
| 100 |
_eAutore musica _98637 |
||
| 100 |
_gCodice autore musica SPICS: 10821 _91548 |
||
| 245 | _aCelentanando | ||
| 250 | _a2a ed. | ||
| 260 | _aMILANO | ||
| 260 |
_bRECORD BAZAAR _c1978 [1a Ed.:1978] |
||
| 300 | _aDISCO | ||
| 500 | _aMusica leggera. Canzone italiana. | ||
| 505 | _aIl ragazzo della via Gluck - La storia di Serafino - Una festa sui prati - Er più - E' inutile davvero - Sabato triste - Viola - E voi ballate - Una carezza in un pugno - Torno sui miei passi - Don't Play That Song (You Lied) - When Love | ||
| 650 |
_aCANZONE ITALIAN [DISCHI] _eCodice MATERIA SPICS: 9950 _98638 |
||
| 700 |
_aCelentano Adriano _eInterprete e autore musica _gCodice interprete e autore musica SPICS: 10821 _98639 _pIl ragazzo della via Gluck - Una festa sui prati - Sabato triste - |
||
| 700 |
_aBeretta Luciano _eAutore musica _gCodice autore musica SPICS: 13864 _pIl ragazzo della via Gluck - La storia di Serafino - Una festa sui prati - Er più - Viola - Una carezza in un pugno - Torno sui miei passi _98640 |
||
| 700 |
_aDel Prete Miki _eAutore testo/musica _gCodice autore testo/musica SPICS: 13865 _pIl ragazzo della via Gluck - La storia di Serafino - Una festa sui prati - Er più - E' inutile davvero - Sabato triste - E voi ballate - Torno sui miei passi - When Love _98641 |
||
| 700 |
_aRustichelli Carlo _eAutore musica _gCodice autore musica SPICS: 1758 _pLa storia di Serafino _98642 |
||
| 700 |
_aSantercole Gino _eAutore musica _gCodice autore musica SPICS: 18035 _pE' inutile davvero - Una carezza in un pugno _98643 |
||
| 700 |
_aBacky Don _eAutore _gCodice autore SPICS: 13846 _pSabato triste _98644 |
||
| 700 |
_aDe Luca N. _eAutore testo/musica _gCodice autore testo/musica SPICS: 22924 _pViola _98645 |
||
| 700 |
_aCiangherotti _eAutore musica _gCodice autore musica SPICS: 26652 _pE voi ballate _98646 |
||
| 700 |
_aNisa (Salerno Nicola) _eAutore _gCodice autore SPICS: 13452 _pE voi ballate _98647 |
||
| 700 |
_aErtegun _eAutore musica _gCodice autore musica SPICS: 26653 _pDon't Play That Song (You Lied) _98648 |
||
| 700 |
_aNelson _eAutore testo/musica _gCodice autore testo/musica SPICS: 26723 _pDon't Play That Song (You Lied) _98649 |
||
| 700 |
_aBesquet Danny B. _eAutore testo/musica _gCodice autore testo/musica SPICS: 24648 _pWhen Love _98650 |
||
| 942 |
_cMD _2ddc |
||